000 00432nam a2200157 i 4500
001 84611
003 ES-MaACL
005 20230906175040.0
007 t|
008 041123s1933 fr ||||1| fre d
100 1 _aJelinek, H.
_966279
245 1 0 _aHistoire de la Litterature Ichègue
_b: de 1850 a 1890 /
_cH. Jelinek.
260 _aParis :
_b[s.n.,
_c1933] (
_fBusson)
300 _a319 p. ;
_c19 cm.
852 _aES-MaACL
_jA-3483
999 _c84611
_d84611